000
00371nam a2200145Ia 4500
008
090124s9999 xx 000 0 und d
082
_b
302527
245
_a
भागिदार
250
_a
1
260
_b
बांदोडकर गो.पु.
_c
1991
300
_a
212
630
_a
भागिदार
730
_a
भागिदार
942
_c
BOOK
999
_c
192164
_d
192164